000 00740nam a22002417a 4500
001 129018
003 UA-OsUOA
005 20220530211522.0
007 ta
008 20180213b un ||||| |||| 00| 0 ukr d
040 _aUA-OsUOA
_brus
_cUA-OsUOA
_dUA-OsUOA
041 _arus
080 _a94(470+571)
090 _a94(470+571)
_bШ31
100 _aШахназаров И. Д.
245 _a"Крестьянская реформа" 1861 года и крестьянство после освободдения
260 _aЛенинград
_bАН СССР
_c1935
300 _a230 с.
650 7 _a94 Історія Росії
_2UDC
942 _cRB
_2udc
955 _a1
999 _c416784
_d416784